000 00352nam a22001577a 4500
020 _a81-7133-800-3
082 _a639.5
_bPAN/F
100 _aSHUKLA
100 _aPANDEY
245 _aFISH & FISHERIES
250 _aFIRST EDITION
260 _aMEERUT
_bRASTOGI PUBLICATIONS
_c2005
300 _a504
650 _aBIOLOGY REFERENCE
_zINDIA
942 _cBK
999 _c1364
_d1364